Airlines Based Out of the United States - Statistics

General Stats
  • This quiz has been taken 47 times
  • The average score is 15 of 150
Answer Stats
Type of Airline Airline Name % Correct
Mainline Delta Airlines
94%
Mainline American Airlines
88%
Mainline Alaska Airlines
81%
Mainline Southwest Airlines
81%
Mainline Spirit Airlines
81%
Mainline United Airlines
81%
Mainline Hawaiian Airlines
63%
Mainline JetBlue
63%
Mainline Allegiant Air
56%
Mainline Frontier Airlines
56%
Regional American Eagle
31%
Mainline Sun Country Airlines
31%
Cargo Atlas Air
25%
Mainline Breeze Airways
25%
Regional Cape Air
25%
Regional Endeavor Air
25%
Regional Horizon Air
25%
Commuter JSX
25%
Regional PSA Airlines
25%
Regional Republic Airways
25%
Regional SkyWest Airlines
25%
Cargo UPS Airlines
25%
Mainline Avelo Airlines
19%
Regional Contour Airlines
19%
Cargo Kalitta Air
19%
Commuter Key Lime Air
19%
Regional Mesa Airlines
19%
Regional Piedmont Airlines
19%
Regional Silver Airways
19%
Regional Air Wisconsin
13%
Regional CommutAir
13%
Mainline Eastern Airlines
13%
Regional Envoy Air
13%
Cargo FedEx Express
13%
Commuter Grand Canyon Airlines
13%
Commuter Mokulele Airlines
13%
Commuter New England Airlines
13%
Cargo Southern Air
13%
Cargo ABX Air
6%
Commuter Advanced Air
6%
Regional aha!
6%
Commuter Air Choice One
6%
Commuter Air Sunshine
6%
Cargo Air Transport International
6%
Cargo Aloha Air Cargo
6%
Cargo Amazon Air
6%
Commuter Bering Air
6%
Commuter Boutique Air
6%
Regional Elite Airways
6%
Commuter Everts Air
6%
Commuter Frontier Flying Service
6%
Commuter Gem Air
6%
Regional GoJet Airlines
6%
Commuter Grand Canyon Scenic Airlines
6%
Charter Great Lakes Air
6%
Commuter Griffing Flying Service
6%
Commuter Hageland Aviation Services
6%
Commuter Island Airways
6%
Commuter Kenmore Air
6%
Charter NetJets
6%
Cargo Polar Air Cargo
6%
Commuter Southern Airways Express
6%
Cargo Western Global Airlines
6%
Cargo 21 Air
0%
Cargo Air Cargo Carriers
0%
Charter Air Charter Bahamas
0%
Charter Air Flight Charters
0%
Air Ambulance AirMed International
0%
Air Ambulance Air Methods
0%
Cargo AirNet Express
0%
Charter Airshare
0%
Cargo Alaska Central Express
0%
Cargo Alpine Air Cargo
0%
Cargo Ameriflight
0%
Cargo Amerijet International
0%
Cargo Ameristar Jet Charter
0%
Cargo Asia Pacific Airlines
0%
Cargo Bemidji Airlines
0%
Charter Berry Aviation
0%
Charter Bighorn Airways
0%
Cargo Castle Aviation
0%
Charter Charter Air Transport
0%
Charter Choice Airways
0%
State Run Comco
0%
Cargo Corporate Air
0%
Air Ambulance Critical Air Medicine
0%
Cargo CSA Air
0%
Charter Delta Private Jets
0%
Cargo Empire Airlines
0%
Cargo Everts Air Cargo
0%
Charter ExcelAire
0%
Cargo Freight Runners Express
0%
Charter Gryphon Airlines
0%
Charter IAero Airways
0%
Charter IBC Airways
0%
Cargo IFL Group
0%
State Run Janet
0%
Charter JetSuite
0%
State Run Justice Prisoner and Alien Transportation System
0%
Cargo Kalitta Charters
0%
Charter L-3 Flight International Aviation
0%
Charter Liberty Jet Management
0%
Air Ambulance Life Lion
0%
Air Ambulance Lifestar
0%
Cargo Lynden Air Cargo
0%
Cargo Martinaire
0%
Cargo Merlin Airways
0%
Cargo Mid-Atlantic Freight
0%
Cargo Mountain Air Cargo
0%
Cargo National Airlines
0%
Cargo Northern Air Cargo
0%
Charter Omni Air International
0%
Charter Omni Air Transport
0%
Charter Orange Air
0%
Charter Pacific Coast Jet
0%
Commuter Penobscot Island Air
0%
Charter Pentastar Aviation
0%
Charter Phoenix Air
0%
Charter PlaneSense
0%
Charter Presidential Airways
0%
Charter Rediske Air
0%
Commuter Reliant Air
0%
Cargo Royal Air Freight
0%
Cargo Ryan Air Services
0%
Commuter San Juan Airlines
0%
Commuter Servant Air
0%
Charter Sierra Pacific Airlines
0%
Cargo Sky Lease Cargo
0%
Charter Skymax
0%
Cargo Skyway Enterprises
0%
Charter Songbird Airways
0%
Cargo Strat Air
0%
Charter Superior Aviation
0%
Commuter Surf Air
0%
Charter Talkeetna Air Taxi
0%
Commuter Taquan Air
0%
Cargo Tepper Aviation
0%
Commuter Tradewind Aviation
0%
Cargo Transair
0%
Charter Tropic Ocean Airways
0%
Charter Twin Cities Air Service
0%
Commuter Ultimate Air Shuttle
0%
Cargo USA Jet Airlines
0%
Commuter Utah Airways
0%
Commuter Warbelow's Air Ventures
0%
Cargo West Air
0%
Cargo Wiggins Airways
0%
Charter World Atlantic Airlines
0%
Commuter Wright Air Service
0%
Charter XOJET
0%
No matching quizzes found
Score Distribution
Percent of People with Each Score
Percentile by Number Answered
Your Score History
You have not taken this quiz